000 00571nam a2200205 a 4500
001 57175
005 20180714053250.0
008 140415s1985 mx 000 0 spa d
041 _aspa
082 _a302.5
_bGLA
100 1 _aGLASSNER, BARRY
245 1 0 _aSOCIOLOGIA CLINICA
250 _a1a ed.
260 _aMEXICO :
_bCOMPAÑIA EDITORIAL CONTINENTAL,
_c1985
300 _a381
500 _aTRADUCCIÓN DE: CLINICAL SOCIOLOGY
650 1 4 _aMEDICINA SOCIAL
700 1 _aROJAS ROJAS, FRANCISCO
_etr.
700 1 _aFREEDMAN, JONATHAN A.
_ecoaut.
999 _c57175
_d57175